Cartoon Silhouettes Duos Quiz Stats

Quiz Updated Mar 10, 2015

Challenge
Share
Tweet
Score 0/15 Timer 06:00
1 Play Today
% Correct
Shaggy and Scooby-Doo
94.6%
Tom and Jerry
90%
Woodstock and Snoopy
74.3%
Barney and Betty Rubble
70.7%
Sylvester and Tweety
70.2%
Chip and Dale
61.5%
Itchy and Scratchy
54.2%
Dexter and Dee Dee
48.6%
% Correct
Cosmo and Wanda
42.3%
Mr. Peabody and Sherman
35.5%
Boris Badenov and Natasha Fatale
31.8%
Terrance and Phillip
30.8%
Dick Dastardly and Muttley
15.9%
The Tick and Arthur
12.3%
Quick Draw McGraw and Baba Looey
7.6%

You're not logged in!

Compare scores with friends on all Sporcle quizzes.
Join for Free
OR
Log In

You Might Also Like...

Show Comments

Extras

Top Quizzes Today


Score Distribution

Your Account Isn't Verified!

In order to create a playlist on Sporcle, you need to verify the email address you used during registration. Go to your Sporcle Settings to finish the process.

Report this User

Report this user for behavior that violates our Community Guidelines.

Details: